| Tag |
First Indicator |
Second Indicator |
Subfields |
| LEADER |
00000cam a2200000 i 4500 |
| 001 |
in00000042899 |
| 005 |
20151007064923.0 |
| 008 |
780329s1979 nyua b 00110 eng |
| 010 |
|
|
|a 78006203
|
| 020 |
|
|
|a 0195024400
|
| 035 |
|
|
|a (OCoLC)03845260
|
| 035 |
|
|
|9 AAE0891AM
|
| 040 |
|
|
|a DLC
|c DLC
|d CLU
|d TXA
|d UtOrBLW
|
| 049 |
|
|
|a TXAM
|c 1 [1241390], 2 [1115183]
|
| 050 |
0 |
0 |
|a QH430
|b .R67 1979
|
| 060 |
|
0 |
|a QH 430 R848u 1979
|
| 082 |
0 |
|
|a 575.1
|
| 100 |
1 |
|
|a Rothwell, Norman V.
|
| 245 |
1 |
0 |
|a Understanding genetics /
|c Norman V. Rothwell.
|
| 250 |
|
|
|a 2d ed.
|
| 264 |
|
1 |
|a New York :
|b Oxford University Press,
|c 1979.
|
| 300 |
|
|
|a xviii, 682 pages :
|b illustrations ;
|c 26 cm.
|
| 336 |
|
|
|a text
|b txt
|2 rdacontent
|
| 337 |
|
|
|a unmediated
|b n
|2 rdamedia
|
| 338 |
|
|
|a volume
|b nc
|2 rdacarrier
|
| 504 |
|
|
|a Includes bibliographies and index.
|
| 650 |
|
0 |
|a Genetics.
|
| 650 |
|
2 |
|a Genetics.
|
| 999 |
|
|
|a MARS
|
| 999 |
f |
f |
|s d97ed416-f298-312c-9568-d7a3a4803c9f
|i 42213239-6f07-3b49-8320-36422b170815
|t 0
|
| 952 |
f |
f |
|p normal
|a Texas A&M University
|b College Station
|c Sterling C. Evans Library
|d Evans: Library Stacks
|t 0
|e QH430 .R67 1979
|h Library of Congress classification
|i unmediated -- volume
|m A14804848261
|
| 998 |
f |
f |
|a QH430 .R67 1979
|t 0
|l Evans: Library Stacks
|